India in 1857: (Record no. 16041)

MARC details
000 -LEADER
fixed length control field 00824nam a22002297a 4500
005 - DATE AND TIME OF LATEST TRANSACTION
control field 20080930134448.0
008 - FIXED-LENGTH DATA ELEMENTS--GENERAL INFORMATION
fixed length control field 080930t xxu||||| |||| 00| 0 eng d
010 ## - LCCN (DPL NO)
LC control number ENG-91097
020 ## - INTERNATIONAL STANDARD BOOK NUMBER
International Standard Book Number 9788184500837
Terms of availability 380.00
035 ## - SYSTEM CONTROL NUMBER
System control number EN-74630
037 ## - SOURCE OF ACQUISITION
Source of stock number/acquisition DBAD / PUB
040 ## - CATALOGING SOURCE
Original cataloging agency dpl
Language of cataloging English
082 ## - DEWEY DECIMAL CLASSIFICATION NUMBER
Classification number 954.083
245 ## - TITLE STATEMENT
Title India in 1857:
Remainder of title before and after /
Statement of responsibility, etc edited by H.S.Bhatia
260 ## - PUBLICATION, DISTRIBUTION, ETC. (IMPRINT)
Place of publication, distribution, etc New Delhi
Name of publisher, distributor, etc Deep & Deep Publications
Date of publication, distribution, etc 2008
300 ## - PHYSICAL DESCRIPTION
Extent xi,290p.
Dimensions 23 cm.(Hb)
500 ## - GENERAL NOTE
General note Include index
651 ## - SUBJECT ADDED ENTRY--GEOGRAPHIC NAME
Geographic name India
General subdivision History
-- Sepoy Rebellion, 1857-1858
700 ## - ADDED ENTRY--PERSONAL NAME
Personal name Bhatia, H.S
942 ## - ADDED ENTRY ELEMENTS (KOHA)
Source of classification or shelving scheme Dewey Decimal Classification
Item type English Books
Call number suffix IND
Classification part 954.083
Holdings
Withdrawn status Lost status Source of classification or shelving scheme Damaged status Not for loan Home library Current library Date acquired Source of acquisition Cost, normal purchase price Total Checkouts Full call number Barcode Date last seen Copy number Cost, replacement price Koha item type
    Dewey Decimal Classification     D.B.Act.Division D.B.Act.Division 30/09/2008 DBAD / PUB 380.00   954.083 IND EN-74630 30/09/2008 1 380.00 English Books

© Delhi Public Library
Hit Counter
free hit counter